000 00712nam a2200181 a 4500
001 000048814
005 20201002061428.0
008 190412s2015 dr ac 000 0 spa d
040 _aDO-SdBNP
_bspa
_cBNPHU
082 _axxxx
_bV335c
100 1 _aVásquez López, Bolívar Antonio,
_d1953-
_976266
245 1 0 _aCanca la piedra :
_bsu historia, sus hechos y sus gentes /
_cBolívar Antonio Vásquez López.
260 _aSanto Domingo :
_b[s.n.],
_c2015.
300 _axxii, 249 p. :
_bil., retrts. ;
_c22 cm.
500 _aIncluye datos biográficos del autor en las solapas
505 0 _aOrigenes de los poblados de los campos de Santiago --
_tEfectos del decreto de Ferrand --
590 _aInventariado, 2019/LP
999 _c48302
_d48302